[Event "GAMMA Reykjavik Open 2019"]
[Site "Reykjavik ISL"]
[Date "2019.04.09"]
[Round "3.71"]
[White "Bejatovic, Bojana"]
[Black "Chilton, James I"]
[Result "1-0"]
[WhiteElo "2021"]
[BlackElo "1747"]
[WhiteFideId "15000141"]
[BlackFideId "423009"]
[EventDate "2019.04.08"]

1. e4 c5 2. Nf3 e6 3. d3 Nc6 4. g3 d5 5. Nbd2 Nf6 6. Bg2 Be7 7. O-O O-O 8. e5
Nd7 9. Re1 f5 10. h4 b5 11. Nf1 Nd4 12. Ng5 h6 13. Nh3 Nc6 14. Bf4 g5 15. Qh5
Nd4 16. Qg6+ Kh8 17. Qxh6+ Kg8 18. Nxg5 Bxg5 19. Bxg5 Qe8 20. c3 Nc2 21. Bxd5
exd5 22. Bf6 Nxf6 23. exf6 Qf7 24. Re7 Nxa1 25. Ne3 Be6 26. Qg5+ Kh8 27. Rxf7
Rxf7 28. Nxf5 Bxf5 29. Qxf5 Raf8 30. Qh5+ Kg8 31. Qxd5 Nc2 32. Qg5+ Kh8 33. Qd2
Na1 34. Qe1 Rxf6 35. Qxa1 Rxf2 36. Qc1 Kg7 37. Qg5+ Kh7 38. Qxc5 R2f5 39. Qxa7+
R8f7 40. Qd4 Rf3 41. Kh2 R7f5 42. Qe4 Rf2+ 43. Kh3 Kh6 44. Kg4 Rf7 45. Qc6+ R7f6
46. Qxb5 Rg6+ 47. Kh3 Rf3 48. Qb8 Kg7 49. Qb7+ 1-0

[Event "GAMMA Reykjavik Open 2019"]
[Site "Reykjavik ISL"]
[Date "2019.04.09"]
[Round "3.73"]
[White "Johannsson, Birkir Isak"]
[Black "Huber-Delle, Guenther"]
[Result "1-0"]
[WhiteElo "2005"]
[BlackElo "1732"]
[WhiteFideId "2314673"]
[BlackFideId "30904056"]
[EventDate "2019.04.08"]

1. d4 d5 2. c4 c6 3. Nc3 Nf6 4. e3 Bg4 5. Qb3 Qb6 6. h3 Qxb3 7. axb3 Bc8 8. Nf3
Nbd7 9. c5 e6 10. b4 b5 11. Bd3 Be7 12. O-O Bd8 13. e4 dxe4 14. Nxe4 Bc7 15.
Nxf6+ Nxf6 16. Bd2 Nd5 17. Rfe1 f6 18. g3 Kf7 19. Kg2 Re8 20. Ra3 g6 21. Bc3 Bb7
22. Rea1 a6 23. Bd2 Rad8 24. Bc2 Bc8 25. Re1 Kg7 26. h4 h5 27. Nh2 e5 28. Nf3
Bg4 29. dxe5 Bxe5 30. Raa1 Bxf3+ 31. Kxf3 Nc7 32. Bc3 Bxc3 33. Rxe8 Rxe8 34.
bxc3 f5 35. Rd1 Nd5 36. Rd3 Re1 37. Bb3 Ne7 38. Rd7 Kf6 39. Rd6+ Kg7 40. Re6
Rxe6 41. Bxe6 Kf6 42. Bd7 Ke5 43. Ke3 Nd5+ 44. Kd3 f4 45. Bxc6 fxg3 46. Bxd5
Kxd5 47. fxg3 Ke5 48. Ke3 Kd5 49. Kf4 a5 50. bxa5 Kxc5 51. Kg5 1-0

[Event "GAMMA Reykjavik Open 2019"]
[Site "Reykjavik ISL"]
[Date "2019.04.09"]
[Round "3.74"]
[White "Geirsson, Kristjan"]
[Black "Mai, Alexander Oliver"]
[Result "0-1"]
[WhiteElo "1679"]
[BlackElo "2003"]
[WhiteFideId "2313596"]
[BlackFideId "2313391"]
[EventDate "2019.04.08"]

1. e4 e5 2. Nf3 Nc6 3. Bb5 a6 4. Ba4 Nf6 5. O-O Be7 6. Re1 b5 7. Bb3 d6 8. c3
O-O 9. h3 Nb8 10. d4 Nbd7 11. Nbd2 Bb7 12. Bc2 Re8 13. Nf1 Bf8 14. Ng3 g6 15.
Bg5 h6 16. Bd2 Bg7 17. Qc1 Kh7 18. Bb3 Qe7 19. Bc2 Qf8 20. d5 c6 21. dxc6 Bxc6
22. Qb1 Qe7 23. Nh4 Ng8 24. Nhf5 gxf5 25. Nxf5 Qf8 26. Re3 Nc5 27. Rg3 Bh8 28.
b4 Ne6 29. Qd1 Nf4 30. Bxf4 exf4 31. e5 Rxe5 32. Nxd6+ f5 33. Qh5 fxg3 34. Nxf5
gxf2+ 35. Kh2 Be4 0-1

[Event "GAMMA Reykjavik Open 2019"]
[Site "Reykjavik ISL"]
[Date "2019.04.09"]
[Round "3.78"]
[White "Fridthjofsdottir, Sigurl. Regina"]
[Black "Green, Per"]
[Result "1/2-1/2"]
[WhiteElo "1699"]
[BlackElo "1979"]
[WhiteFideId "2300788"]
[BlackFideId "1703811"]
[EventDate "2019.04.08"]

1. e4 c5 2. Nc3 e6 3. f4 d5 4. Nf3 dxe4 5. Nxe4 Nf6 6. Ng3 Nc6 7. Bb5 Qb6 8.
Bxc6+ Qxc6 9. O-O c4 10. Ne5 Bc5+ 11. Kh1 Qd5 12. Qe2 b5 13. a4 a6 14. axb5 axb5
15. Rxa8 Qxa8 16. d3 cxd3 17. Nxd3 Be7 18. Bd2 Bb7 19. f5 Bd5 20. fxe6 Bxe6 21.
Nf5 Bxf5 22. Rxf5 Qe4 23. Re5 Qxe2 24. Rxe2 Kf8 25. Bb4 Bxb4 26. Nxb4 Nd7 27. h3
g6 28. Rd2 Nb6 29. Rd8+ Kg7 30. Rxh8 Kxh8 31. Kg1 Kg7 32. Kf2 Kf6 33. b3 Ke5 34.
Ke3 f5 35. Nd3+ Kd5 36. Nf4+ Ke5 37. Nd3+ Kd5 38. Nf4+ Ke5 39. Nd3+ 1/2-1/2

[Event "GAMMA Reykjavik Open 2019"]
[Site "Reykjavik ISL"]
[Date "2019.04.09"]
[Round "3.79"]
[White "Hrafnsson, Hreinn"]
[Black "Kuehnemund, Lutz"]
[Result "0-1"]
[WhiteElo "1659"]
[BlackElo "1979"]
[WhiteFideId "2304686"]
[BlackFideId "24695890"]
[EventDate "2019.04.08"]

1. d4 Nf6 2. c4 g6 3. Nc3 d5 4. e3 Bg7 5. Nf3 O-O 6. Bd3 c6 7. c5 Nbd7 8. O-O e5
9. dxe5 Ng4 10. b4 Ndxe5 11. Bb2 Nxf3+ 12. Qxf3 Ne5 13. Qe2 Bg4 14. f3 Nxd3 15.
Qxd3 Bf5 16. Qd2 Qg5 17. Rad1 a5 18. f4 Qe7 19. bxa5 Qxc5 20. Na4 Qxa5 21. Bxg7
Qxd2 22. Rxd2 Kxg7 23. Nc3 Rfe8 24. Kf2 Ra3 25. Rc1 Rea8 26. h3 h5 27. Kf3 h4
28. Rb2 b5 29. Ne2 Rxa2 30. Rxa2 Rxa2 31. Rxc6 Be4+ 32. Kf2 Bd3 0-1

[Event "GAMMA Reykjavik Open 2019"]
[Site "Reykjavik ISL"]
[Date "2019.04.09"]
[Round "3.82"]
[White "Aasen, Joakim"]
[Black "Oettel, Lothar"]
[Result "1/2-1/2"]
[WhiteElo "1645"]
[BlackElo "1945"]
[WhiteFideId "1539078"]
[BlackFideId "24679852"]
[EventDate "2019.04.08"]

1. d4 Nf6 2. c4 c5 3. d5 b5 4. cxb5 a6 5. b6 Qxb6 6. Nc3 d6 7. e4 g6 8. Nf3 Bg4
9. Be2 Bxf3 10. Bxf3 Bg7 11. O-O O-O 12. Rb1 Nbd7 13. Be3 Qc7 14. Qd2 Rfb8 15.
Rfc1 Ne5 16. Be2 Rb4 17. f3 Rab8 18. a3 Rb3 19. Bd1 R3b7 20. Be2 Rb3 21. Bd1
R3b7 22. Be2 Rb3 1/2-1/2

[Event "GAMMA Reykjavik Open 2019"]
[Site "Reykjavik ISL"]
[Date "2019.04.09"]
[Round "3.85"]
[White "Savitha, Shri B"]
[Black "Palmeri, Ralph P"]
[Result "1-0"]
[WhiteElo "1895"]
[BlackElo "1636"]
[WhiteFideId "35061887"]
[BlackFideId "2057417"]
[EventDate "2019.04.08"]

1. e4 c5 2. Nf3 e6 3. d4 cxd4 4. Nxd4 Nf6 5. Bd3 Be7 6. O-O Nc6 7. Be3 Ne5 8.
Nc3 Nxd3 9. cxd3 d6 10. Rc1 a6 11. f4 O-O 12. f5 Bd7 13. Qf3 e5 14. Nde2 Rc8 15.
g4 h6 16. Ng3 Nh7 17. Nd5 Bg5 18. Bb6 Qe8 19. Rxc8 Bxc8 20. Bf2 b5 21. Nh5 Bb7
22. Ne3 Qe7 23. Ng2 Rc8 24. h4 Bc1 25. Be3 Bxb2 26. g5 hxg5 27. hxg5 Nxg5 28.
Qg4 f6 29. Bxg5 fxg5 30. f6 Bd4+ 31. Kh1 Qf7 32. Nxg7 Qg6 33. Ne6 Qh6+ 34. Nh4
Kf7 35. Nxg5+ Kf8 36. Ne6+ Kf7 37. Nxd4 exd4 38. Qd7+ Kg8 39. Rg1+ Kh8 40. Qg7+
Qxg7 41. fxg7+ Kh7 42. Nf5 d5 43. Ne7 Rd8 44. g8=Q+ Rxg8 45. Nxg8 dxe4 46. Nf6+
Kh6 47. Nxe4 b4 48. Kh2 Bd5 49. a3 bxa3 50. Nd2 a2 51. Ra1 Kg5 52. Kg3 Kf5 53.
Nc4 Bc6 54. Rxa2 Bb5 55. Ra5 Ke6 56. Kf4 Kd5 57. Na3 Kc6 58. Nxb5 axb5 59. Ke5
Kc5 60. Ra8 b4 61. Rc8+ Kb5 62. Kxd4 Ka4 63. Kc4 1-0

[Event "GAMMA Reykjavik Open 2019"]
[Site "Reykjavik ISL"]
[Date "2019.04.09"]
[Round "3.86"]
[White "Sauer, Bernd"]
[Black "Aasen, Fredrik"]
[Result "1-0"]
[WhiteElo "1885"]
[BlackElo "1596"]
[WhiteFideId "24699446"]
[BlackFideId "1539060"]
[EventDate "2019.04.08"]

1. d4 Nf6 2. c4 g6 3. Nc3 d5 4. cxd5 Nxd5 5. e4 Nxc3 6. bxc3 Bg7 7. Bc4 c5 8.
Ne2 Nc6 9. Be3 O-O 10. O-O Bd7 11. Rb1 Na5 12. Bd3 Rc8 13. Qd2 b6 14. Ba6 Rb8
15. dxc5 bxc5 16. Rxb8 Qxb8 17. Qxd7 Qb6 18. Qb5 Rb8 19. Qxb6 axb6 20. Bb5 Nb7
21. a4 Nd6 22. f3 1-0

[Event "GAMMA Reykjavik Open 2019"]
[Site "Reykjavik ISL"]
[Date "2019.04.09"]
[Round "3.87"]
[White "Davidsson, Oskar Vikingur"]
[Black "Abbas, Ahmed C"]
[Result "1-0"]
[WhiteElo "1872"]
[BlackElo "1561"]
[WhiteFideId "2310627"]
[BlackFideId "423823"]
[EventDate "2019.04.08"]

1. e4 e5 2. Nf3 Nc6 3. Bb5 a6 4. Ba4 Nf6 5. O-O Be7 6. Bxc6 dxc6 7. d3 Bg4 8. h3
Bh5 9. g4 Bg6 10. Nxe5 Nd7 11. Nxg6 hxg6 12. Kg2 Nc5 13. Nd2 Qd7 14. f4 O-O-O
15. Qf3 Ne6 16. Nb3 Rdf8 17. Qf2 Kb8 18. f5 gxf5 19. exf5 Qd5+ 20. Qf3 Ng5 21.
Qxd5 cxd5 22. Bxg5 Bxg5 23. c3 Bh4 24. Rad1 Re8 25. Rd2 Re7 26. Nd4 Rhe8 27. b4
Ka7 28. a4 Re3 29. Rf3 Bg5 30. Rxe3 Rxe3 31. Rd1 Bh4 32. Nf3 Bf6 33. c4 dxc4 34.
dxc4 Bc3 35. b5 axb5 36. cxb5 Re2+ 37. Kg3 Re7 38. Rd3 Bb4 39. Nd2 Bd6+ 40. Kf3
Bb4 41. Nc4 b6 42. Re3 Kb7 43. Rxe7 Bxe7 44. Ne5 f6 45. Nc6 Bf8 46. Nd4 Kc8 47.
Ne6 Be7 48. Nxg7 Kd7 49. Ne6 Bd6 50. h4 Ke7 51. g5 fxg5 52. hxg5 Kf7 53. Ke4 1-0

[Event "GAMMA Reykjavik Open 2019"]
[Site "Reykjavik ISL"]
[Date "2019.04.09"]
[Round "3.91"]
[White "Stoyanov, Boris"]
[Black "Agustsson, Hafsteinn"]
[Result "1/2-1/2"]
[WhiteElo "1533"]
[BlackElo "1842"]
[WhiteFideId "456462"]
[BlackFideId "2302047"]
[EventDate "2019.04.08"]

1. e4 c5 2. Nf3 Nc6 3. c3 d5 4. exd5 Qxd5 5. d4 cxd4 6. cxd4 e6 7. Nc3 Qd8 8.
Bc4 Nf6 9. O-O Be7 10. Bf4 a6 11. Re1 O-O 12. a3 b5 13. Bd3 Bb7 14. Bc2 b4 15.
Ne4 Nxe4 16. Rxe4 a5 17. Qd3 Ba6 18. Qd2 Qd5 19. Re3 bxa3 20. bxa3 Rac8 21. Be4
Qd8 22. Rc1 Nxd4 23. Nxd4 Qxd4 24. Bxh7+ Kh8 25. Rh3 Qxd2 26. Bg6+ Kg8 27. Bh7+
Kh8 1/2-1/2

[Event "GAMMA Reykjavik Open 2019"]
[Site "Reykjavik ISL"]
[Date "2019.04.09"]
[Round "3.94"]
[White "Carr, Jay"]
[Black "Jonasson, Hordur"]
[Result "1-0"]
[WhiteElo "1832"]
[BlackElo "1518"]
[WhiteFideId "30922690"]
[BlackFideId "2311224"]
[EventDate "2019.04.08"]

1. c4 c5 2. g3 g6 3. Bg2 Bg7 4. Nc3 Nc6 5. a3 a6 6. Rb1 Rb8 7. b4 cxb4 8. axb4
b5 9. cxb5 axb5 10. e3 e6 11. d4 Qe7 12. Qb3 d5 13. Nge2 Nf6 14. Nf4 O-O 15. Nd3
Nd7 16. Ba3 Ba6 17. O-O Rb6 18. Rfc1 Na7 19. Ne2 Rc8 20. Nc5 Qd6 21. Bb2 Bb7 22.
Nf4 Ba8 23. Rc2 Rbb8 24. Ra1 Rc7 25. Nxd7 Qxd7 26. Nd3 Rxc2 27. Qxc2 Rc8 28.
Rxa7 1-0

[Event "GAMMA Reykjavik Open 2019"]
[Site "Reykjavik ISL"]
[Date "2019.04.09"]
[Round "3.96"]
[White "Ottesen, Oddgeir"]
[Black "Nergard, Ole-Kristian"]
[Result "1-0"]
[WhiteElo "1813"]
[BlackElo "1507"]
[WhiteFideId "2306816"]
[BlackFideId "1543156"]
[EventDate "2019.04.08"]

1. e4 c5 2. Nf3 Nc6 3. d4 cxd4 4. Nxd4 Nf6 5. Nc3 g6 6. Nxc6 bxc6 7. e5 Ng8 8.
Bc4 Bg7 9. Qf3 e6 10. Bf4 Qa5 11. a3 Bxe5 12. b4 Qc7 13. Bd2 d5 14. Bb3 Ba6 15.
Rd1 Bg7 16. Na4 Nf6 17. Nc5 Bc8 18. Bc3 e5 19. O-O Bg4 20. Qg3 Bxd1 21. Bxe5 Ne4
22. Bxc7 Nxg3 23. Rxd1 Nf5 24. Re1+ Ne7 25. Ba4 Rc8 26. Bxc6+ Kf8 27. Nd7+ Kg8
28. Rxe7 Rxc7 29. Re8+ Bf8 30. Rxf8+ Kg7 31. Rxh8 Kxh8 32. b5 Kg7 33. Kf1 f6 34.
Nc5 Re7 35. Bxd5 Re5 36. c4 Re7 37. a4 Kf8 38. Bc6 Kf7 39. a5 f5 40. b6 axb6 41.
axb6 1-0

[Event "GAMMA Reykjavik Open 2019"]
[Site "Reykjavik ISL"]
[Date "2019.04.09"]
[Round "3.97"]
[White "Helgadottir, Idunn"]
[Black "Hentze, Jakob"]
[Result "0-1"]
[WhiteElo "1137"]
[BlackElo "1878"]
[WhiteFideId "2314118"]
[BlackFideId "16249879"]
[EventDate "2019.04.08"]

1. e4 e5 2. Nf3 Nc6 3. Bc4 Nf6 4. Ng5 d5 5. exd5 b5 6. Bxb5 Qxd5 7. Bxc6+ Qxc6
8. O-O Bc5 9. h3 O-O 10. Nc3 Bb7 11. Nce4 Nxe4 12. Qg4 f5 13. Qh4 Nxg5 14. Qxg5
Rf6 15. Kh2 Rg6 16. Qxg6 hxg6 17. f3 e4 18. d3 exf3 19. Rxf3 Re8 20. Bf4 g5 21.
Bxg5 Re2 22. Kg3 Rxg2+ 23. Kf4 Qxf3+ 24. Ke5 Re2+ 25. Be3 Rxe3# 0-1

[Event "GAMMA Reykjavik Open 2019"]
[Site "Reykjavik ISL"]
[Date "2019.04.09"]
[Round "3.98"]
[White "Tinguely, Frederic"]
[Black "Gudmundsson, Thordur"]
[Result "0-1"]
[WhiteElo "1729"]
[BlackElo "1527"]
[WhiteFideId "1339303"]
[BlackFideId "2316650"]
[EventDate "2019.04.08"]

1. d4 Nf6 2. Bf4 g6 3. Nc3 Bg7 4. e4 d6 5. Qd2 O-O 6. O-O-O a5 7. Bh6 c6 8. Bxg7
Kxg7 9. h4 h5 10. Be2 b5 11. e5 dxe5 12. dxe5 Qxd2+ 13. Rxd2 Ng4 14. Bxg4 Bxg4
15. f3 Be6 16. Nge2 Nd7 17. f4 b4 18. Nd4 Nc5 19. Nxe6+ Nxe6 20. Ne2 Rfd8 21.
Rhd1 Rxd2 22. Rxd2 Kf8 23. g3 Ke8 24. c4 Rd8 25. Rxd8+ Kxd8 26. Kc2 a4 27. a3 c5
28. b3 Nd4+ 29. Nxd4 cxd4 30. bxa4 bxa3 31. Kb3 d3 0-1

[Event "GAMMA Reykjavik Open 2019"]
[Site "Reykjavik ISL"]
[Date "2019.04.09"]
[Round "3.103"]
[White "Sigurvaldason, Hjalmar"]
[Black "Thorisson, Bjartur"]
[Result "1-0"]
[WhiteElo "1467"]
[BlackElo "1126"]
[WhiteFideId "2306018"]
[BlackFideId "2314916"]
[EventDate "2019.04.08"]

1. d4 d5 2. Nf3 Nc6 3. e3 Bf5 4. a3 Nf6 5. c4 e6 6. Nc3 Bd6 7. c5 Be7 8. b4 a6
9. Be2 O-O 10. O-O b6 11. Nh4 Be4 12. g3 Nd7 13. Ng2 e5 14. Nxe4 dxe4 15. d5
Ncb8 16. c6 Nf6 17. Bc4 b5 18. Bb3 a5 19. Bb2 axb4 20. axb4 Rxa1 21. Bxa1 Bxb4
22. Bxe5 Re8 23. Bb2 Na6 24. Qd4 Bc5 25. Qc3 Bb4 26. Qc2 Nxd5 27. Rd1 Nc5 28.
Rxd5 Qa8 29. Rxc5 Bxc5 30. Qxc5 Qa6 31. Qg5 1-0

[Event "GAMMA Reykjavik Open 2019"]
[Site "Reykjavik ISL"]
[Date "2019.04.09"]
[Round "3.104"]
[White "Johannessen, Theo N"]
[Black "Brynjarsson, Einar Dagur"]
[Result "1-0"]
[WhiteElo "1456"]
[BlackElo "1097"]
[WhiteFideId "1542478"]
[BlackFideId "2315939"]
[EventDate "2019.04.08"]

1. d4 d5 2. Nf3 Nc6 3. Bf4 Nf6 4. e3 Bg4 5. c4 e6 6. Nc3 Bb4 7. Be2 Ne4 8. Qb3
a5 9. a3 a4 10. Qc2 Bxc3+ 11. bxc3 Bf5 12. Bd3 O-O 13. O-O Qf6 14. cxd5 exd5 15.
c4 Qe6 16. cxd5 Qxd5 17. Nh4 g6 18. f3 Nd6 19. Nxf5 Nxf5 20. Bxf5 gxf5 21. Qb2
Na5 22. Qf2 Nb3 23. Qg3+ Kh8 24. Rad1 Na5 25. Rfe1 Nc4 26. Ra1 f6 27. Bxc7 Rg8
28. Qf2 Nd6 29. Bxd6 Qxd6 30. e4 fxe4 31. fxe4 Rgd8 32. Red1 Rac8 33. Rd3 Rc4
34. Rad1 Re8 35. Qf3 Rec8 36. h3 Rc1 37. Qe2 R8c3 38. Rxc1 Rxc1+ 39. Kf2 Qf4+
40. Qf3 Rc2+ 41. Kg1 Rc1+ 42. Kf2 Rc2+ 43. Ke1 Qh4+ 44. g3 Qxh3 45. Qxf6+ Kg8
46. Qd8+ Kg7 47. Qg5+ Kh8 48. Qh4 Rc1+ 49. Rd1 Rxd1+ 50. Kxd1 Qf1+ 51. Kd2 Qf2+
52. Kc3 Qe3+ 53. Kc4 Qb3+ 54. Kc5 Qxa3+ 55. Kd5 Qb3+ 56. Ke5 Qb5+ 57. d5 Qb2+
58. Kf5 a3 59. Qd8+ Kg7 60. Qg5+ Kf8 61. Qd8+ Kf7 62. Qc7+ Kf8 63. d6 Qf2+ 64.
Ke6 Qa2+ 65. Kf6 Qf2+ 66. Ke6 Qa2+ 67. Kd7 Qf7+ 68. Kc8 Qe8+ 69. Kxb7 Qxe4+ 70.
Kb6 Qb4+ 71. Kc6 Qc4+ 72. Kb7 Qb5+ 73. Kc8 Qe8+ 74. Kb7 Qe4+ 75. Qc6 Qb4+ 76.
Kc8 Qg4+ 77. d7 a2 78. Qd6+ Kf7 79. Qd5+ Ke7 80. Qe5+ Kf7 81. Qe8+ Kf6 82. Qf8+
Ke5 83. Qc5+ Kf6 84. Qc3+ Ke7 85. Qa3+ Kf7 86. Qxa2+ Ke7 87. Qa3+ Kf7 88. Qb3+
Ke7 89. Qe3+ Kd6 90. Qf4+ Qxf4 91. gxf4 1-0

[Event "GAMMA Reykjavik Open 2019"]
[Site "Reykjavik ISL"]
[Date "2019.04.09"]
[Round "3.105"]
[White "Sigfusson, Ottar Orn Bergmann"]
[Black "Berndsen, Soffia Arndis"]
[Result "1-0"]
[WhiteElo "1434"]
[BlackElo "1031"]
[WhiteFideId "2313057"]
[BlackFideId "2316811"]
[EventDate "2019.04.08"]

1. e4 e5 2. Nf3 Nc6 3. Bc4 Nf6 4. Ng5 d5 5. exd5 Nxd5 6. Qf3 Qxg5 7. Bxd5 Qg6 8.
Bxc6+ bxc6 9. Nc3 Bg4 10. Qg3 Bd6 11. h3 e4 12. Qxg4 Qf6 13. Nxe4 Qe5 14. Qe2
O-O 15. Nxd6 Qxd6 16. O-O Rfe8 17. Qd3 Qe6 18. b3 Qf6 19. Rb1 Re6 20. Qg3 Rae8
21. Bb2 Qh6 22. Bc3 g6 23. Qd3 Rd6 24. Qa6 Rd5 25. Rbe1 Rf8 26. Qxc6 Rg5 27. Qf6
c5 28. Qh8# 1-0

[Event "GAMMA Reykjavik Open 2019"]
[Site "Reykjavik ISL"]
[Date "2019.04.10"]
[Round "4.1"]
[White "Hovhannisyan, Robert"]
[Black "Movsesian, Sergei"]
[Result "1/2-1/2"]
[WhiteTitle "GM"]
[BlackTitle "GM"]
[WhiteElo "2630"]
[BlackElo "2637"]
[WhiteFideId "13302507"]
[BlackFideId "310204"]
[EventDate "2019.04.08"]

1. e4 c5 2. Nf3 e6 3. d4 cxd4 4. Nxd4 Nc6 5. Nc3 Qc7 6. Be2 a6 7. Nxc6 bxc6 8.
Qd3 Bd6 9. Be3 Nf6 10. O-O-O Be7 11. Na4 d5 12. Bb6 Qf4+ 13. Be3 Qc7 14. Bb6
Qf4+ 15. Be3 1/2-1/2

[Event "GAMMA Reykjavik Open 2019"]
[Site "Reykjavik ISL"]
[Date "2019.04.10"]
[Round "4.2"]
[White "Prithu, Gupta"]
[Black "Grandelius, Nils"]
[Result "0-1"]
[WhiteTitle "IM"]
[BlackTitle "GM"]
[WhiteElo "2478"]
[BlackElo "2687"]
[WhiteFideId "46618546"]
[BlackFideId "1710400"]
[EventDate "2019.04.08"]

1. c4 e6 2. g3 d5 3. Bg2 dxc4 4. Nf3 a6 5. O-O Nc6 6. Qc2 b5 7. b3 Nb4 8. Qb2
cxb3 9. Ne5 Nd5 10. a4 b4 11. e4 Nde7 12. d4 Nf6 13. Bg5 h6 14. Be3 g6 15. d5
exd5 16. exd5 Bg7 17. Bd4 O-O 18. d6 cxd6 19. Bxa8 dxe5 20. Bxe5 Bh3 21. Bg2
Bxg2 22. Kxg2 Nc6 23. f4 Nxe5 24. fxe5 Ng4 25. Qxb3 Qd4 0-1

[Event "GAMMA Reykjavik Open 2019"]
[Site "Reykjavik ISL"]
[Date "2019.04.10"]
[Round "4.4"]
[White "L'Ami, Erwin"]
[Black "Brunello, Sabino"]
[Result "1/2-1/2"]
[WhiteTitle "GM"]
[BlackTitle "GM"]
[WhiteElo "2647"]
[BlackElo "2534"]
[WhiteFideId "1007998"]
[BlackFideId "813613"]
[EventDate "2019.04.08"]

1. d4 Nf6 2. c4 e6 3. Nf3 d5 4. Nc3 Bb4 5. Bg5 h6 6. Bxf6 Qxf6 7. e3 c5 8. cxd5
exd5 9. Rc1 c4 10. Qa4+ Nc6 11. Bxc4 dxc4 12. d5 Bxc3+ 13. Rxc3 a6 14. dxc6 b5
15. Qb4 Qxc6 16. a4 Bh3 17. O-O Bxg2 18. Kxg2 Qg6+ 19. Kh1 Qe4 20. axb5 Qxf3+
21. Kg1 Qg4+ 22. Kh1 Qf3+ 23. Kg1 Qg4+ 24. Kh1 Qf3+ 25. Kg1 Qg4+ 26. Kh1 1/2-1/2

[Event "GAMMA Reykjavik Open 2019"]
[Site "Reykjavik ISL"]
[Date "2019.04.10"]
[Round "4.5"]
[White "Lupulescu, Constantin"]
[Black "Praggnanandhaa, R"]
[Result "1-0"]
[WhiteTitle "GM"]
[BlackTitle "GM"]
[WhiteElo "2634"]
[BlackElo "2537"]
[WhiteFideId "1207822"]
[BlackFideId "25059530"]
[EventDate "2019.04.08"]

1. Nf3 Nf6 2. c4 e6 3. Nc3 d5 4. e3 c5 5. cxd5 exd5 6. Bb5+ Bd7 7. Bxd7+ Qxd7 8.
O-O Nc6 9. d4 Ne4 10. Qc2 Nxc3 11. bxc3 cxd4 12. cxd4 Be7 13. Ne5 Nxe5 14. dxe5
O-O 15. Bb2 Rac8 16. Qd3 Rc4 17. Rad1 Rd8 18. f4 f6 19. Bd4 fxe5 20. fxe5 b6 21.
h3 Qe6 22. Rd2 Rf8 23. Rxf8+ Bxf8 24. Kh2 Bc5 25. Rf2 h6 26. Rf3 b5 27. Rg3 Bxd4
28. exd4 b4 29. Rg4 a5 30. Qg3 Qe7 31. Rf4 Rc3 32. Qg6 Re3 33. Rf6 Rxe5 34. Ra6
Rf5 35. Qxf5 Qc7+ 36. Qe5 1-0

[Event "GAMMA Reykjavik Open 2019"]
[Site "Reykjavik ISL"]
[Date "2019.04.10"]
[Round "4.6"]
[White "Cornette, Matthieu"]
[Black "Parligras, Mircea-Emilian"]
[Result "1-0"]
[WhiteTitle "GM"]
[BlackTitle "GM"]
[WhiteElo "2556"]
[BlackElo "2633"]
[WhiteFideId "620084"]
[BlackFideId "1204297"]
[EventDate "2019.04.08"]

1. e4 c6 2. d4 d5 3. exd5 cxd5 4. c3 Nc6 5. Nf3 Bf5 6. Qb3 Qd7 7. Nh4 Bg6 8.
Nxg6 hxg6 9. Be3 e6 10. Nd2 Bd6 11. h4 Nh6 12. Nf3 O-O-O 13. Be2 Kb8 14. a4 Qc7
15. a5 Nxa5 16. Qa4 b6 17. b4 Nc4 18. Bxc4 dxc4 19. Bxh6 Rxh6 20. Kf1 Rh5 21. b5
Rd5 22. Nd2 e5 23. Nf3 Qd7 24. h5 g5 25. Qxc4 Rxb5 26. h6 gxh6 27. Rxh6 g4 28.
Ng5 Be7 29. Nxf7 Rc8 30. Qe6 Qc7 31. Nxe5 Qxc3 32. Nd7+ 1-0

[Event "GAMMA Reykjavik Open 2019"]
[Site "Reykjavik ISL"]
[Date "2019.04.10"]
[Round "4.7"]
[White "Libiszewski, Fabien"]
[Black "Tari, Aryan"]
[Result "1/2-1/2"]
[WhiteTitle "GM"]
[BlackTitle "GM"]
[WhiteElo "2488"]
[BlackElo "2615"]
[WhiteFideId "616834"]
[BlackFideId "1510045"]
[EventDate "2019.04.08"]

1. e4 c5 2. Nf3 Nc6 3. Bb5 g6 4. Bxc6 dxc6 5. d3 Bg7 6. h3 Nf6 7. Nc3 Nd7 8. Be3
e5 9. O-O b6 10. a4 a5 11. Nh2 Nf8 12. f4 exf4 13. Rxf4 Be6 14. Rf2 h6 15. Nf3
Qc7 16. d4 cxd4 17. Bxd4 f6 18. Qe2 Rd8 19. Raf1 g5 20. Qe3 c5 21. Nd5 Bxd5 22.
exd5+ Kd7 23. Ne5+ Kc8 24. Rxf6 cxd4 25. Qxd4 Rd7 26. Kh1 Rg8 27. Nc4 Bxf6 28.
Rxf6 Kd8 29. Rxb6 Qf4 30. d6 Ke8 31. Qd5 Qf1+ 32. Kh2 Qf4+ 33. Kh1 Qf1+ 34. Kh2
Qf4+ 1/2-1/2

[Event "GAMMA Reykjavik Open 2019"]
[Site "Reykjavik ISL"]
[Date "2019.04.10"]
[Round "4.9"]
[White "Hambleton, Aman"]
[Black "Van Foreest, Jorden"]
[Result "1/2-1/2"]
[WhiteTitle "GM"]
[BlackTitle "GM"]
[WhiteElo "2484"]
[BlackElo "2598"]
[WhiteFideId "2606577"]
[BlackFideId "1039784"]
[EventDate "2019.04.08"]

1. d4 Nf6 2. Bf4 d5 3. e3 c5 4. c3 Nc6 5. Nd2 Bf5 6. Qb3 Qc8 7. Ngf3 h6 8. Ne5
e6 9. Bb5 Nd7 10. Nxd7 Qxd7 11. Nf3 a6 12. Ne5 Qc8 13. Be2 Be7 14. O-O O-O 15.
Qd1 c4 16. Re1 b5 17. Qd2 b4 18. Bd1 a5 19. e4 Bxe4 20. Nxc4 Qd8 21. Ba4 Rc8 22.
Ne3 bxc3 23. bxc3 Bd6 24. Bxd6 Qxd6 25. c4 Qb4 26. Qxb4 Nxb4 27. f3 Bg6 28. cxd5
exd5 29. a3 Nd3 30. Nxd5 Nxe1 31. Ne7+ Kh7 32. Nxc8 Rxc8 33. Rxe1 Rc4 34. Be8
Rxd4 35. Re5 Rd8 36. Bc6 Rc8 37. Be4 1/2-1/2

[Event "GAMMA Reykjavik Open 2019"]
[Site "Reykjavik ISL"]
[Date "2019.04.10"]
[Round "4.11"]
[White "Thorfinnsson, Bragi"]
[Black "Christiansen, Johan-Sebastian"]
[Result "1-0"]
[WhiteTitle "GM"]
[BlackTitle "GM"]
[WhiteElo "2436"]
[BlackElo "2571"]
[WhiteFideId "2300958"]
[BlackFideId "1512668"]
[EventDate "2019.04.08"]

1. Nf3 d5 2. g3 g6 3. Bg2 Bg7 4. d4 Nf6 5. O-O O-O 6. c3 b6 7. a4 Bb7 8. Bf4 c5
9. a5 cxd4 10. cxd4 bxa5 11. Qa4 Nc6 12. Ne5 Qb6 13. Nc3 e6 14. e3 Rfb8 15. Rfc1
Nxe5 16. Bxe5 Bc6 17. Qxa5 Qxa5 18. Rxa5 Rxb2 19. Nd1 Rb5 20. Ra3 Be8 21. Nc3
Rb7 22. Bxf6 Bxf6 23. Nxd5 exd5 24. Bxd5 Rab8 25. Bxb7 Rxb7 26. Rca1 Kg7 27.
Rxa7 Rb2 28. Rc1 h5 29. Rc8 Bb5 30. Rcc7 Rb1+ 31. Kg2 Be8 32. h4 Rb8 33. d5 Be5
34. Rcb7 Rd8 35. e4 Rc8 36. Ra2 Bd6 37. f4 Rc5 38. Rd2 Rc1 39. e5 Bc5 40. Rc7
Bb5 41. d6 Bf1+ 42. Kh2 Bb5 43. d7 Bg1+ 44. Kg2 Rc2 45. Rc5 Rxc5 46. d8=Q Rc1
47. Qf6+ Kh7 48. Rd8 Bc6+ 49. Kh3 Rc2 50. Rh8# 1-0